000 00491cam a22001934a 4500
005 20250605164152.0
008 250528s ||||||||||||||||||||||||d
035 _a19423
020 _a9604057049
040 _aGR-AtMCL
_bgre
_dGR-AtMCL
_eAACR2
245 1 _aΑΝΑΠΤΥΞΗ ΕΦΑΡΜΟΓΩΝ ΜΕ CLIPPER
250 _a1
260 _bΊων,
_c1997
300 _a276
700 1 _aΚαρσιωτης Βλασιος
_95670
942 _cBK
999 _c4679
_d4679